| 000 | 00992nam a2200229 a 4500 | ||
|---|---|---|---|
| 003 | PILC | ||
| 005 | 20160129112603.0 | ||
| 008 | 121013s19uu xx 00 eng d | ||
| 020 | _a9780745650531 | ||
| 050 |
_aBD 161 _b.Ev83 2012 |
||
| 100 | _aEvans, Ian. | ||
| 245 |
_aKnowledge / _cIan Evans and Nicholas D. Smith. |
||
| 260 |
_aCambridge, UK ; Malden, MA : _bPolity Press, _c2012. |
||
| 300 |
_a238 pages ; _c22 cm. |
||
| 500 | _aIncludes bibliographical references and index. | ||
| 520 | _aDesigned to introduce students to all aspects of the theory of knowledge, as well as encompassing recent developments in a special 'current trends' section. Chapters include discussions of scepticism, justification and contextualism. The authors also advance their own ground breaking theory of knowledge, incorporating research on animal cognition. | ||
| 650 | _aKnowledge, Theory of | ||
| 650 | _aKnowledge. | ||
| 700 | _aSmith, Nicholas D. | ||
| 942 |
_cBK _2lcc _kFOR |
||
| 999 |
_c22409 _d22409 |
||